01258nam a2200301 i 4500001001000000003000900010005001700019007000300036008004100039020001500080040003000095041000800125082002400133100005300157245015900210264009000369300002800459336002700487337003300514338002800547490004700575500007400622651006100696651006400757651006000821700003300881700004200914000015537DO-SdBNP20241126132151.0ta100212s2000 dr 000 0 spa d a999345401X aDO-SdBNPbspacBNPHUerda aspa 4a972.9304bB719e2221 aBonó, Pedro Francisco,d1928-1906eautor4aut.10aEnsayos sociohistóricos :bactuación pública /cPedro Francisco Bonó ; notas adicionales, Raymundo González ; edición, Andrés Blanco Díaz. 1aSanto Domingo, República Dominicana :bEdiciones de la Fundación Corripio,c2000. a322 páginas ;c23 cm. atextobtxt2rdacontent asin mediaciónbn2rdamedia avolumenbnc2rdacarrier0 aBiblioteca de Clásicos Dominicanos ;v32 aIncluye referencias bibliográficas y notas al pie de las páginas. 4aRepública DominicanaxPolítica y gobiernoy1844-1930 4aRepública DominicanaxCondiciones económicasy1844-1930 4aRepública DominicanaxCondiciones socialesy1844-19301 aGonzález, Raymundo,enotas1 aBlanco Díaz, Andrés,eeditor4ed.